01383nam a2200325Ia 4500001001200000003000800012006001900020007001500039008004100054010001700095020002500112020002200137040002100159035002100180050002900201245016500230260003900395300003700434504005600471533015200527650004500679650005800724650005400782655002900836700001900865700001500884710001700899856012600916999001501042ebr10281341CaPaEBRm u cr cn|||||||||080226s2008 au a sb 000 0 eng d z 2008931583 z9783211782026 (hbk.) z3211782028 (hbk.) aCaPaEBRcCaPaEBR a(OCoLC)31788328314aQC981.8.C5bC5549 2008eb00aClimate change and technological optionsh[electronic resource] :bbasic facts, evaluation and practical solutions /cedited by Konrad Soyez, Hartmut Gra\FFFDl. aWien ;aLondon :bSpringer,c2008. axiii, 218 p. :bill. (some col.) aIncludes bibliographical references (p. [209]-218). aElectronic reproduction.bPalo Alto, Calif. :cebrary,d2009.nAvailable via World Wide Web.nAccess may be limited to ebrary affiliated libraries. 0aClimatic changesxEnvironmental aspects. 0aGreenhouse gas mitigationxTechnological innovations. 0aTechnological innovationsxEnvironmental aspects. 7aElectronic books.2local1 aSoyez, Konrad.1 aGrassl, H.2 aebrary, Inc.40uhttp://site.ebrary.com/lib/rucke/Doc?id=10281341zAn electronic book accessible through the World Wide Web; click to view c4052d4052